| 000 | 02785 a2200265 4500 | ||
|---|---|---|---|
| 003 | UA-OsUOA | ||
| 005 | 20260702150854.0 | ||
| 008 | 200120b un ||||| |||| 00| 0 ukr d | ||
| 020 | _a9789662151343 | ||
| 040 |
_aUA-OsUOA _bukr _cUA-OsUOA _dUA-OsUOA |
||
| 041 | _aukr | ||
| 080 | _a070(091):01 | ||
| 090 |
_a070(091):01 _bУ45 |
||
| 245 |
_a"Українські вісті" в Європи й Америці (1945–2000): у 2-х т. _cупоряд. Сергій Козак _bбібліографічний покажчик змісту газети "Українські вісті" |
||
| 260 |
_c2010 _aКиїв _bЛітературна Україна _bЯрославів Вал |
||
| 300 | _a592 с. | ||
| 505 |
_gТ. 1 _t1945–1967 |
||
| 520 | _aПокажчик «“Українські вісті” в Європі й Америці» є першою спробою подати вичерпну бібліографічну інформацію про зміст газети за весь період виходу її у світ. Покажчик висвітлює зміст усіх 3 398 чисел унікального видання, яке з 1945 по 2000 рік виходило спочатку в Західній Європі, відтак в Америці. На її сторінках було вміщено понад 50 тисяч публікацій: інформаційних заміток, уривків художніх творів, статей, нарисів, репортажів та ін. матеріалів українських та іноземних авторів. Розраховано на літературознавців, журналістів, істориків, філологів, письменників, видавців, перекладачів, бібліотекарів, учителів, студентів і читачів, які цікавляться українською літературою, подіями міжнародного життя, історією української діаспори. Це науково-довідкове видання стане в пригоді науковцям — усім, хто досліджує історію життя українців поза Україною та історію української преси. | ||
| 650 |
_a070(091) Історія преси _925777 |
||
| 650 |
_aБібліографія і бібліографічні покажчики. Каталоги _925778 |
||
| 700 | 1 |
_aСергій Козак _eупорядник _925779 |
|
| 942 |
_cBK _2udc |
||
| 955 | _a1 | ||
| 999 |
_c443589 _d443589 |
||